Normal view
MARC view
- Baig, Mirza Athar.
Entry Personal Name
001 - CONTROL NUMBER
- control field: 1208
003 - CONTROL NUMBER IDENTIFIER
- control field: NUST
005 - DATE AND TIME OF LATEST TRANSACTION
- control field: 20170519121009.0
008 - FIXED-LENGTH DATA ELEMENTS
- fixed length control field: 170519|| aca||aabn | a|a d
040 ## - CATALOGING SOURCE
- Original cataloging agency: NUST
- Transcribing agency: NUST
100 ## - HEADING--PERSONAL NAME
- Personal name: Baig, Mirza Athar.
670 ## - SOURCE DATA FOUND
- Source citation: Work cat.: (NUST)0: 880-01 Baig, Mirza Athar., G̲h̲ulām Bāg̲h̲ :, 2007.
